Desarrollo y liberacin̤ polt̕ica, economa̕ y religin̤ /

Detalles Bibliográficos
Autor principal: Roa, Jairo
Autor Corporativo: Universidad Rey Juan Carlos. Servicio de Publicaciones
Formato: Libro
Lenguaje:español
Publicado: Madrid : Dykinson : Universidad Rey Juan Carlos. Servicio de Publicaciones, cop. 2009
Colección:Religin̤ y derechos humanos (Dykinson)
Materias:
Acceso en línea:Acceso restringido

MARC

LEADER 00000nam a2200000 a 4500
005 20120229140023.0
007 cr|||| ||||
008 100720s2009 sp 000 0 spa c
017 |a DL M. 25738-2009 
020 |a 9788498496949 
035 |a 4798 
040 |d vLex 
080 |a 330.34:17(8) 
080 |a 261.625(8) 
090 |c 3049  |d 3049 
100 1 |a Roa, Jairo 
245 1 0 |a Desarrollo y liberacin̤   |h [Recurso electrn̤ico] :  |b polt̕ica, economa̕ y religin̤ /  |c Jairo Roa 
256 |a Servicio en ln̕ea 
260 |a Madrid :  |b Dykinson :  |b Universidad Rey Juan Carlos. Servicio de Publicaciones,  |c cop. 2009 
300 |a 1 recurso electrn̤ico 
504 |a Bibliografa̕: p. 283-287. referencias bibliogrf̀icas 
506 1 |a Contenido solo disponible en los productos indicados  |d vLex Global   |d vLex Global (Academic Edition, excluding Law Schools)   |d vLex Global (U.S. Academic Edition, Law Schools)   |d vLex Global (U.S. Academic Edition, excluding Law Schools)   |d vLex Global (Academic Edition, Law Schools)  
650 0 4 |a Desarrollo econm̤ico  |z Aspectos sociales  |z Amřica latina 
650 0 4 |a Desarrollo econm̤ico  |z Aspectos ťicos y morales  |z Amřica latina 
650 0 4 |a Teologa̕ de la liberacin̤  |z Amřica latina 
710 2 |a Universidad Rey Juan Carlos.  |b Servicio de Publicaciones 
740 0 |a vLex Libros (Servicio en ln̕ea) 
830 0 |a Religin̤ y derechos humanos (Dykinson) 
856 4 0 |u http://vlex.com/source/desarrollo-liberacion-politica-economia-religion-4798  |z Acceso restringido 
942 |c BOOK